[Event "GRE-ch U16 Girls"]
[Site "Kavala"]
[Date "2016.01.05"]
[Round "5"]
[White "Salahidou, Reveka"]
[Black "Petraki, Evaggelia"]
[Result "1-0"]
[WhiteElo "1926"]
[BlackElo "1656"]
[PlyCount "75"]
[EventDate "2016.01.02"]
[EventType "swiss"]
[EventRounds "9"]
[EventCountry "GRE"]
[SourceTitle "EXT 2024"]
[Source "ChessBase"]
[SourceDate "2023.10.10"]
[SourceVersion "1"]
[SourceVersionDate "2023.10.10"]
[SourceQuality "1"]

1. e4 c5 2. Nf3 d6 3. d4 cxd4 4. Nxd4 Nf6 5. Nc3 Nc6 6. f3 e5 7. Ndb5 a6 8. Na3 Be6 9. Bg5 Be7 10. Bxf6 Bxf6 11. Nd5 Qa5+ 12. Qd2 Bh4+ 13. g3 Qxd2+ 14. Kxd2 Bg5+ 15. Ke2 Bxd5 16. exd5 Nd4+ 17. Kf2 b5 18. Bd3 g6 19. h4 Bd8 20. Rae1 Bb6 21. Kg2 Nf5 22. c3 Ne3+ 23. Kh3 Nxd5 24. Be4 Nc7 25. Bxa8 Nxa8 26. Nc2 0-0 27. Rd1 Rd8 28. Nb4 Nc7 29. Nc6 Rd7 30. Nxe5 Re7 31. Nc6 Re2 32. Rxd6 Rxb2 33. Ne7+ Kf8 34. Re1 Ba5 35. Rd8+ Kg7 36. Rg8+ Kf6 37. g4 h6 38. f4 1-0